Sri Lanka Shadow report: (Record no. 555)

MARC details
000 -LEADER
fixed length control field 005310000a22001450004500
008 - FIXED-LENGTH DATA ELEMENTS--GENERAL INFORMATION
fixed length control field 230817t ||||| |||| 00| 0 eng d
082 ## - DEWEY DECIMAL CLASSIFICATION NUMBER
Classification number 305.42
Item number CEN
942 ## - ADDED ENTRY ELEMENTS (KOHA)
Item Type Reports
110 ## - MAIN ENTRY--CORPORATE NAME
Corporate Name Centre for women's research
245 ## - TITLE STATEMENT
Title Sri Lanka Shadow report:
Sub Title on the UN Convention on the elimination of all forms of discrimination against women
260 ## - PUBLICATION, DISTRIBUTION, ETC. (IMPRINT)
Place of Publication Colombo:
Name of Publisher CENWOR,
Date of Copyright 2001
300 ## - PHYSICAL DESCRIPTION
Extent vi.,52 p.
856 ## - ELECTRONIC LOCATION AND ACCESS
Uniform Resource Identifier <a href="https://cedawsouthasia.org/wp-content/uploads/2017/07/shadow-report-srilanka.pdf">https://cedawsouthasia.org/wp-content/uploads/2017/07/shadow-report-srilanka.pdf</a>
650 ## - SUBJECT ADDED ENTRY--TOPICAL TERM
Topical Term WOMEN, DISCRIMINATION AGAINST
Holdings
Withdrawn status Lost status Damaged status Not for loan Permanent location Current location Date acquired Total Checkouts Full call number Barcode Date last seen Price effective from Koha item type Source of classification or shelving scheme
        Resource center, Muslim Women's Research And Action Forum Resource center, Muslim Women's Research And Action Forum 2023-08-17   305.42 CEN RAF4056 2023-08-17 2023-08-17 Reports  
        Resource center, Muslim Women's Research And Action Forum Resource center, Muslim Women's Research And Action Forum 2024-05-27   305.42 CEN RAF5267 2024-05-27 2024-05-27 Reports Dewey Decimal Classification

Copyright © 2023 Muslim Women's Research and Action Forum (MWRAF), No 27/3, Anderson Road, Kalubowila, Dehiwela. Funded by The Asia Fundation